| 000 | 01170cab a2200325 4500 | ||
|---|---|---|---|
| 001 | ABS53305 | ||
| 008 | 090401t1995 xxu||||| |||| 00| 0 eng d | ||
| 035 | _a(Sirsi) u3408 | ||
| 041 | _aeng | ||
| 100 | _aMurrells, P. | ||
| 245 | _aJerry building - surveyors liability arising out of mortgage valuations | ||
| 260 | _c1995 | ||
| 350 | _a0 | ||
| 490 |
_aStructural Survey _v13(1) 1995, 25-28(4) |
||
| 520 | _aLooks at three cases, where pointers to poor workmanship or `jerry building` should have led surveyors to advise caution or further surveys even if he did not identify all the defects. "Sneesby v Goldings", "Ezekiel and another v McDade and others", "Goodwin and another v Phillips". | ||
| 650 | _aBISON | ||
| 650 | _aEZEKIEL AND ANOTHER V MCDADE AND OTHERS | ||
| 650 | _aGOODWIN AND ANOTHER V PHILLIPS | ||
| 650 | _aMORTGAGE VALUATION GUIDANCE NOTES | ||
| 650 | _aMORTGAGE VALUATIONS | ||
| 650 | _aNEGLIGENCE | ||
| 650 | _aRICS | ||
| 650 | _aSNEESBY V GOLDINGS | ||
| 650 | _aSURVEYORS | ||
| 650 | _aSURVEYS | ||
| 690 | _aBUILT ENVIRONMENT-BUILDING INSPECTION | ||
| 690 | _aPROFESSIONAL PRACTICE | ||
| 942 | _n0 | ||
| 948 | _c04/03/1997 | ||
| 999 |
_c2092 _d2092 |
||